000
00208 a2200097 4500
001
29099
100
_a
Nadvi S M
245
_a
Human Right and Obligations
260
_a
_b
Idris H A
_c
090
_c
19428
_d
19428
942
_a
NUST-CAE
_c
M
_c
10478
999
_c
264172
_d
264172